[Event "?"]
[Site "Masters Cannes FRA"]
[Date "1995.??.??"]
[Round "?"]
[White "Boudenne, Jean-Baptiste"]
[Black "Sale, Srdjan"]
[Result "0-1"]
[WhiteElo "2240"]
[BlackElo "2390"]

1. e4 e6 2. d4 c5 3. Nf3 cxd4 4. Nxd4 Bc5 5. Nc3 Qb6 6. Be3 Nc6 7. Ncb5 Nf6
8. Nxc6 Bxe3 9. fxe3 bxc6 10. Nd6+ Ke7 11. Nc4 Qc5 12. e5 Nd5 13. c3 a5 14.
e4 Ba6 15. exd5 Bxc4 16. d6+ Ke8 17. Bxc4 Qxc4 18. Qf3 Rb8 19. Rf1 Rf8 20.
Rf2 Rb5 21. Re2 Qh4+ 22. g3 Qg5 23. h4 Qh6 24. c4 Rb4 25. a3 Rb8 26. b4 f6
27. Rf2 Kf7 28. exf6 gxf6 29. Qc3 Qg6 30. Rd1 axb4 31. axb4 Ra8 32. Kf1 Kg8
33. Kg2 Qe4+ 34. Kh2 e5 35. Rdf1 h5 36. c5 Kg7 37. Qb3 Rab8 38. Qd1 Qg4 39.
Rb2 Qxd1 40. Rxd1 Rb5 41. Kg2 Ra8 42. Rd3 Ra4 43. Rdb3 Kf7 44. Kf3 Ke6 45.
Ke4 Rxc5 46. Kd3 Rd5+ 47. Kc4 Rxd6 48. Kc5 Ra8 0-1

[Event "?"]
[Site "ZMD Open Dresden GER"]
[Date "2002.??.??"]
[Round "?"]
[White "Wobbe, Sven"]
[Black "Mainka, Romuald"]
[Result "1-0"]
[WhiteElo "2215"]
[BlackElo "2410"]

1. e4 c5 2. Nf3 e6 3. d4 cxd4 4. Nxd4 a6 5. Bd3 Bc5 6. Nb3 Be7 7. O-O Qc7
8. Nc3 b5 9. a3 Bb7 10. f4 Nf6 11. Qe2 d6 12. Bd2 Nbd7 13. Rae1 Rc8 14. e5
dxe5 15. fxe5 Nd5 16. Nxd5 Bxd5 17. Qh5 g6 18. Qh6 Bf8 19. Qf4 Nb6 20. Qf6
Rg8 21. Rf2 Bxb3 22. cxb3 Bc5 23. Rc1 Bxf2+ 24. Qxf2 Qxc1+ 25. Bxc1 Rxc1+
26. Bf1 Rc6 27. a4 Nd7 28. axb5 axb5 29. Bxb5 Rc1+ 30. Bf1 Ke7 31. h3 g5
32. Kh2 g4 33. hxg4 Rxg4 34. Be2 Re4 35. Bf3 Rxe5 36. Qh4+ Nf6 37. Qd4 Rec5
38. b4 Rc7 39. b5 Nd7 40. b6 R7c4 41. Qe3 Rb1 42. Qa3+ Kd8 43. b7 Rc2 44.
b8=Q+ Nxb8 45. Qd3+ 1-0

[Event "?"]
[Site "J-U20 Ch Nadole"]
[Date "1995.??.??"]
[Round "?"]
[White "Dubiel, Jacek"]
[Black "Protaziuk, Grzegorz"]
[Result "1/2-1/2"]
[WhiteElo "2370"]
[BlackElo "2255"]

1. e4 c5 2. Nf3 Nc6 3. Nc3 e6 4. d4 cxd4 5. Nxd4 Bc5 6. Nb3 Bb4 7. Bd2 Nf6
8. a3 Bxc3 9. Bxc3 Nxe4 10. Qg4 Nxc3 11. Qxg7 Rf8 12. Qxc3 Qg5 13. g3 Qd5
14. f3 Qe5+ 15. Qxe5 Nxe5 16. f4 Nc6 17. Bg2 d6 18. O-O-O Ke7 19. Rd2 Rd8
20. Rhd1 Rb8 21. c4 Rd7 22. Rd3 Nd8 23. Kb1 b6 24. Nd4 Ba6 25. Re3 Bxc4 26.
Nf5+ Kf8 27. Rxd6 Rc7 28. Nh6 Rbc8 29. Ng4 Ba6 30. Rd1 1/2-1/2

[Event "?"]
[Site "Balkan Ch Istanbul TUR"]
[Date "2001.??.??"]
[Round "?"]
[White "Soylu, Suat"]
[Black "Ipek, Ali"]
[Result "1-0"]
[WhiteElo "2385"]
[BlackElo "2240"]

1. e4 c5 2. Nf3 e6 3. d4 cxd4 4. Nxd4 a6 5. Bd3 Bc5 6. Nb3 Be7 7. O-O d6 8.
Nc3 Nf6 9. f4 Qb6+ 10. Kh1 h5 11. Qe2 Ng4 12. Bd2 Nd7 13. a4 Ndf6 14. a5
Qa7 15. Nd1 e5 16. Ne3 exf4 17. Rxf4 Be6 18. c4 Rc8 19. Nd5 Bxd5 20. exd5
Kf8 21. Bc3 Qe3 22. Qxe3 Nxe3 23. h3 Rh6 24. Re1 g5 25. Rd4 Neg4 26. hxg4
hxg4+ 27. Kg1 g3 28. Nd2 Nh5 29. Nf1 Bf6 30. Rg4 Bxc3 31. bxc3 f6 32. Nxg3
Nf4 33. Rxf4 gxf4 34. Nf5 Rh8 35. Nxd6 Rb8 36. c5 1-0

[Event "?"]
[Site "15th ETC Women, Gothenburg SWE"]
[Date "2005.??.??"]
[Round "8"]
[White "Calzetta, Monica"]
[Black "Ciuksyte, Dagne"]
[Result "0-1"]
[WhiteElo "2280"]
[BlackElo "2340"]

1. e4 c5 2. Nf3 e6 3. d4 cxd4 4. Nxd4 a6 5. Bd3 Bc5 6. Nb3 Be7 7. Qg4 g6 8.
Qe2 d6 9. O-O Nd7 10. Na3 Ngf6 11. Bh6 Ne5 12. Nc4 Nfg4 13. Bd2 Nxc4 14.
Bxc4 Ne5 15. Bh6 Bd7 16. Rfd1 Rc8 17. Bd3 Bg5 18. Bxg5 Qxg5 19. c4 O-O 20.
Nd4 Bc6 21. b3 Rcd8 22. g3 Qf6 23. Rac1 Rfe8 24. Bb1 g5 25. Qh5 Kg7 26. Rc3
Qg6 27. Qxg6+ hxg6 28. f4 gxf4 29. gxf4 Ng4 30. Nxc6 bxc6 31. Rcd3 d5 32.
cxd5 cxd5 33. exd5 exd5 34. b4 Rb8 35. h3 Ne3 36. Re1 Rxb4 37. Ra3 Nc2 38.
Rxe8 Rxb1+ 0-1

[Event "?"]
[Site "Open Baunatal GER"]
[Date "1997.??.??"]
[Round "?"]
[White "Koeller, Oliver"]
[Black "Kekelidze, Mikheil"]
[Result "1/2-1/2"]
[WhiteElo "2250"]
[BlackElo "2370"]

1. e4 c5 2. Nf3 e6 3. d4 cxd4 4. Nxd4 a6 5. Bd3 Bc5 6. Nb3 Bb6 7. Qe2 Nc6
8. Be3 Nge7 9. Nc3 O-O 10. O-O d6 11. Rad1 e5 12. Bc4 Bxe3 13. Qxe3 b5 14.
Bd5 Nxd5 15. Nxd5 Be6 16. c3 Ne7 17. Nxe7+ Qxe7 1/2-1/2

[Event "?"]
[Site "AUT-chT2E"]
[Date "2001.??.??"]
[Round "?"]
[White "Schoeneberg, Manfred"]
[Black "Wukits, Rene"]
[Result "1/2-1/2"]
[WhiteElo "2335"]
[BlackElo "2285"]

1. e4 c5 2. Nf3 e6 3. Nc3 a6 4. d4 cxd4 5. Nxd4 Bc5 6. Be3 d6 7. Qd2 Nf6 8.
Nb3 Bxe3 9. Qxe3 O-O 10. Be2 Qc7 11. O-O b5 12. a4 b4 13. Na2 Nc6 14. Rac1
Rb8 15. Rfd1 d5 16. exd5 Nxd5 17. Qc5 Qb6 18. Qxb6 Rxb6 19. a5 Rb8 20. Bc4
Nc7 21. Rd6 Ne5 22. Bf1 Nd5 23. Nc5 Ra8 24. Re1 f6 25. Bxa6 Nf7 26. Rc6 Ne5
27. Rd6 Nf7 28. Rxd5 exd5 29. Nxb4 Ne5 30. f4 Nd7 31. Nxd7 Bxd7 32. Re7 Rf7
33. Rxf7 Kxf7 34. Kf2 Ke7 35. Nxd5+ Kd6 36. Nb4 Kc5 37. Nd3+ Kd6 38. Nb4
Bc6 39. g3 Be4 40. c3 Kc5 41. Ke3 Bg2 42. Bd3 Rxa5 43. Bxh7 Kd6 44. h4 Ra1
45. Nc2 Rb1 46. Bf5 Bd5 47. Nd4 Rg1 48. g4 Rg3+ 49. Kf2 Rg2+ 50. Ke3 Rg3+
51. Kf2 Rg2+ 52. Ke3 Rg3+ 1/2-1/2

[Event "?"]
[Site "Open Nova Gorica SLO"]
[Date "1999.??.??"]
[Round "?"]
[White "Podlesnik, Bogdan"]
[Black "Jankovic, Alojzije"]
[Result "0-1"]
[WhiteElo "2405"]
[BlackElo "2210"]

1. e4 c5 2. Nf3 e6 3. d4 cxd4 4. Nxd4 a6 5. Bd3 Bc5 6. Nb3 Be7 7. f4 d6 8.
Qf3 Nd7 9. Be3 Qc7 10. Nc3 b5 11. O-O-O Ngf6 12. g4 Nc5 13. Kb1 b4 14. Ne2
Bb7 15. Ng3 Rc8 16. Bd4 Rg8 17. Rhe1 Nfd7 18. g5 g6 19. Rf1 Nxd3 20. cxd3
Nc5 21. Rc1 Nxb3 22. axb3 Bc6 23. f5 gxf5 24. Nxf5 exf5 25. Qxf5 Rf8 26.
Bg7 Qd7 27. Qxh7 Bb5 28. Bxf8 Rxc1+ 29. Rxc1 Bxd3+ 30. Ka2 Qb5 31. Qf5 Qxf5
32. exf5 Kxf8 33. f6 Bd8 34. Rc8 Ke8 35. h4 Kd7 36. Ra8 Bg6 37. Rxa6 d5 38.
Ra4 Bb6 39. Rxb4 Bc5 40. Rb8 d4 41. Rh8 d3 42. h5 Bf5 43. g6 d2 44. g7 d1=Q
45. Rd8+ Kxd8 46. g8=Q+ Kc7 47. Qxf7+ Kb6 0-1

[Event "?"]
[Site "II Open, Calvia ESP"]
[Date "2005.??.??"]
[Round "8"]
[White "Carlsson, Pontus"]
[Black "Fokin, Se RUS"]
[Result "1-0"]
[WhiteElo "2435"]
[BlackElo "2180"]

1. e4 c5 2. Nf3 e6 3. d4 cxd4 4. Nxd4 a6 5. Bd3 Bc5 6. Nb3 Be7 7. c4 d6 8.
O-O Nf6 9. Nc3 O-O 10. f4 Qc7 11. Qe2 Nbd7 12. Bd2 b6 13. Rae1 Bb7 14. e5
Ne8 15. Nd1 g6 16. Nf2 Ng7 17. Bc3 f6 18. exf6 Bxf6 19. Bxf6 Nxf6 20. Ne4
Nxe4 21. Bxe4 d5 22. cxd5 exd5 23. Bf3 Rxf4 24. Qd2 Rf5 25. Nd4 Re5 26. Qf4
Rae8 27. Bg4 R5e7 28. Qxc7 Rxc7 29. Rxe8+ Nxe8 30. Ne6 Rf7 31. Rxf7 Kxf7
32. Nd8+ Ke7 33. Nxb7 Nf6 34. Be2 a5 35. Bb5 Ng4 36. Ba4 Ne3 37. Kf2 Nc4
38. b3 Na3 39. Bc6 d4 40. Ke2 Nc2 41. Be4 Nb4 42. a3 d3+ 43. Bxd3 Nd5 1-0

[Event "?"]
[Site "FS02 IMA Budapest HUN"]
[Date "2003.??.??"]
[Round "?"]
[White "Boros, Denes"]
[Black "Brustkern, Juergen"]
[Result "0-1"]
[WhiteElo "2285"]
[BlackElo "2330"]

1. e4 c5 2. Nf3 e6 3. d4 cxd4 4. Nxd4 a6 5. Bd3 Bc5 6. Nb3 Be7 7. O-O d6 8.
c4 Nf6 9. Qe2 O-O 10. f4 Nc6 11. Nc3 b6 12. Bd2 Bb7 13. Rae1 Re8 14. Bb1
Nd7 15. Rf3 Rc8 16. e5 g6 17. exd6 Bxd6 18. Ne4 Be7 19. Bc3 Ncb8 20. Rh3
Bxe4 21. Bxe4 Bf6 22. Rd1 Qc7 23. Bxf6 Nxf6 24. Bd3 Nbd7 25. Qf2 Rcd8 26.
Rc1 Nc5 27. Nxc5 bxc5 28. Re1 Rd4 29. Rf3 Red8 30. Bf1 Qd6 31. h3 Ne4 32.
Qe3 Nd2 33. Rf2 Nxc4 34. Bxc4 Rxc4 35. b3 Rd4 36. Rc1 Rd1+ 37. Rf1 Rd2 38.
Rf2 Rd1+ 39. Rf1 Qd2 40. Qxd2 R1xd2 41. Rf2 Rxf2 42. Kxf2 Rd2+ 43. Kf3 Rxa2
44. Rxc5 Ra3 45. Rc8+ Kg7 46. Rb8 a5 47. Kf2 h5 48. h4 a4 49. bxa4 Rxa4 50.
g3 Ra7 51. Rb3 Rd7 52. Ke3 Kf6 53. Rc3 Kf5 54. Rc5+ Rd5 55. Rc7 Rd3+ 56.
Kf2 Kg4 57. Rxf7 Rf3+ 58. Kg2 e5 59. Rf6 Rxg3+ 60. Kf2 Rf3+ 61. Kg2 Rxf4
62. Rxg6+ Kxh4 63. Re6 Rf5 64. Re8 Kg4 65. Rg8+ Kf4 66. Kf2 Ke4+ 67. Ke2 h4
68. Rg4+ Rf4 69. Rg5 Kd4 70. Rg8 Ke4 71. Rg5 Kd5 72. Ke3 Ra4 73. Ke2 Ra3
0-1

[Event "?"]
[Site "Calcutta IND"]
[Date "1992.??.??"]
[Round "?"]
[White "Deshmukh, Anup"]
[Black "Vaidya, Arun B"]
[Result "0-1"]
[WhiteElo "2275"]
[BlackElo "2335"]

1. e4 c5 2. Nf3 e6 3. d4 cxd4 4. Nxd4 Qb6 5. Nc3 Bc5 6. Be3 Nc6 7. Na4 Qa5+
8. c3 Bxd4 9. Bxd4 Nxd4 10. Qxd4 e5 11. Qb4 Qxb4 12. cxb4 Nf6 13. Nc3 d6
14. f3 Ke7 15. Kf2 Be6 16. Bd3 Rhd8 17. Rhe1 h6 18. Rad1 Rac8 19. Bb1 Rc4
20. a3 Rc6 21. Rd2 g5 22. Ba2 Bxa2 23. Nxa2 Ne8 24. Nc3 Nc7 25. Red1 a6 26.
Ne2 Ne6 27. Ke3 Rdc8 28. Nc3 Nd4 29. Rxd4 exd4+ 30. Kxd4 Ke6 0-1

[Event "?"]
[Site "WJun Yerevan ARM"]
[Date "2006.??.??"]
[Round "4"]
[White "Gomez, John Paul"]
[Black "Wang Li"]
[Result "1-0"]
[WhiteElo "2385"]
[BlackElo "2225"]

1. e4 c5 2. Nf3 e6 3. d4 cxd4 4. Nxd4 a6 5. Bd3 Bc5 6. Nb3 Be7 7. O-O d6 8.
f4 Nd7 9. a4 b6 10. Nc3 Ngf6 11. Qf3 Bb7 12. Be3 Qc7 13. Qh3 Nc5 14. Nxc5
bxc5 15. f5 exf5 16. Qxf5 O-O 17. Bc4 Bc8 18. Qf3 Be6 19. Qe2 Qb7 20. Bd2
Bxc4 21. Qxc4 Rfe8 22. b3 Qb4 23. Qe2 Qd4+ 24. Kh1 Bd8 25. Rae1 Ba5 26. Rf3
Re6 27. Rd3 Qe5 28. Re3 Bb4 29. Rf1 Qh5 30. Qd3 Ng4 31. Rh3 Qg6 32. Rg3
Bxc3 33. Qxc3 Qxe4 34. h3 Ne5 35. a5 Rae8 36. Re3 Qc6 37. Rfe1 Ng6 38. b4
Nh4 39. Rg3 Nf5 40. Rg4 Rxe1+ 41. Bxe1 h5 42. Rf4 Ne3 43. Rf3 Nd5 44. Qd2
Nxb4 45. Bg3 Re6 46. Qg5 Qd7 47. c3 Nc6 48. Qxh5 Nxa5 49. Rd3 Nb7 50. c4 a5
51. Qd5 a4 52. Ra3 Re8 53. Kh2 Na5 54. Rd3 Rd8 55. Bh4 Rc8 56. Re3 Qc6 57.
Qd3 Rb8 58. Re4 Rb7 59. Rg4 f6 60. Qc3 Nb3 61. Bxf6 Nd4 62. Qg3 Ne6 63. Ba1
Rf7 64. Rh4 Qd7 65. Qg6 d5 66. Qh7+ Kf8 67. cxd5 Nd4 68. Qh8+ Ke7 69. Re4+
Kd6 70. Qa8 Re7 71. Rg4 Qb7 72. Qxa4 Qa7 73. Qd1 Kxd5 74. Bxd4 cxd4 75.
Qb3+ Kc6 76. Qc4+ Kb7 77. Qb4+ Ka8 78. Rxd4 Qc7+ 79. Qd6 Kb7 80. Qxc7+ Kxc7
81. Kg3 Kc6 82. Kf4 Re6 83. Kg5 Kc7 84. g4 Rf6 85. h4 Kc8 86. h5 Kc7 87.
Rf4 Rxf4 88. Kxf4 Kd7 89. Kf5 Ke7 90. Kg6 Kf8 91. h6 Kg8 92. g5 Kh8 93.
hxg7+ Kg8 94. Kh6 1-0

[Event "?"]
[Site "ACT Open, Amsterdam NED"]
[Date "2004.??.??"]
[Round "4"]
[White "Schoorl, Rob"]
[Black "Van Delft, Merijn"]
[Result "0-1"]
[WhiteElo "2225"]
[BlackElo "2385"]

1. e4 c5 2. Nf3 e6 3. d4 cxd4 4. Nxd4 a6 5. Bd3 Bc5 6. Nb3 Be7 7. O-O d6 8.
Nc3 b6 9. f4 Bb7 10. Qg4 g6 11. Be3 Nd7 12. f5 Ngf6 13. Qh3 gxf5 14. exf5
e5 15. Rfe1 Rg8 16. Bf1 Qc7 17. Bf2 Ng4 18. Bh4 b5 19. Nd1 Qb6+ 20. Kh1
Ndf6 21. Qd3 Nh5 22. Bg3 Nxg3+ 23. Qxg3 h5 24. h3 h4 25. Qd3 Nf6 26. Qe3
Qc7 27. Nf2 Qxc2 28. Rac1 Qxf5 29. Qb6 Bd5 30. Rc7 Kf8 31. Rxe7 Kxe7 32.
Nd4 Qd7 33. Nd3 Qxh3+ 0-1

[Event "?"]
[Site "Open A, Pardubice CZE"]
[Date "2005.??.??"]
[Round "5"]
[White "Shetty, Rahul"]
[Black "Sakovich, Igor"]
[Result "1-0"]
[WhiteElo "2365"]
[BlackElo "2245"]

1. e4 c5 2. Nf3 e6 3. d4 cxd4 4. Nxd4 a6 5. Bd3 Bc5 6. Nb3 Be7 7. Nc3 d6 8.
f4 Nd7 9. Qf3 Qc7 10. Bd2 Ngf6 11. g4 g6 12. g5 Nh5 13. Ne2 f6 14. Ng3 Nxg3
15. hxg3 fxg5 16. e5 Nf8 17. O-O-O Bd7 18. exd6 Bxd6 19. fxg5 Bc6 20. Be4
Rc8 21. Bc3 Rg8 22. Bxc6+ bxc6 23. Rd3 Be5 24. Rhd1 Rg7 25. Nc5 Rf7 26. Qe2
Re7 27. Rf3 Qa7 28. Ne4 Nd7 29. Qd2 1-0

[Event "?"]
[Site "13th Fajr Open ;The Week in Ch"]
[Date "2005.??.??"]
[Round "2"]
[White "Sadatnajafi, M"]
[Black "Bistric, Faruk"]
[Result "0-1"]
[WhiteElo "2160"]
[BlackElo "2450"]

1. e4 c5 2. Nf3 e6 3. d4 cxd4 4. Nxd4 a6 5. Bd3 Bc5 6. Nb3 Be7 7. O-O d6 8.
c4 Nf6 9. Nc3 b6 10. Be3 Bb7 11. f3 Nbd7 12. Rf2 O-O 13. a4 Rb8 14. a5 bxa5
15. Nxa5 Ba8 16. Rd2 Qc7 17. Be2 Rb4 18. Qe1 Rfb8 19. Ra2 Nc5 20. Qg3 Nfd7
21. Bd4 Ne5 22. h4 Bf6 23. h5 h6 24. Qf2 Ned7 25. Bxf6 Nxf6 26. Qd4 d5 27.
exd5 exd5 28. Qh4 Ne6 29. Qf2 d4 30. Nd5 Nxd5 31. cxd5 Bxd5 32. b3 Qe5 33.
Bxa6 Qg5 34. Rd1 Nf4 35. Kf1 Qxh5 36. Bc4 Bxc4+ 37. Nxc4 Rxb3 38. Qxd4 Qh1+
39. Qg1 Rxf3+ 40. Rf2 Rxf2+ 41. Kxf2 Qh4+ 0-1

[Event "?"]
[Site "Once Ruta de Europa Open 1st"]
[Date "2001.??.??"]
[Round "?"]
[White "Rodriguez Guerrero, Enrique"]
[Black "Vidarte Morales, Arturo"]
[Result "1/2-1/2"]
[WhiteElo "2205"]
[BlackElo "2405"]

1. e4 c5 2. Nf3 e6 3. d4 cxd4 4. Nxd4 a6 5. Bd3 Bc5 6. Nb3 Be7 7. Qg4 Bf6
8. Nc3 d6 9. O-O Ne7 10. Qe2 Qc7 11. Bd2 b6 12. Rae1 Bb7 13. f4 Nd7 14. a4
Ng6 15. f5 Nge5 16. fxe6 fxe6 17. Qh5+ Ke7 18. Bg5 h6 19. Bxf6+ gxf6 20.
Kh1 Qd8 21. Nd4 Qg8 22. Be2 Nc5 23. Bf3 a5 24. Qh4 h5 25. Ndb5 Rd8 26. Qf2
Qg5 27. Nd4 h4 28. h3 Rdf8 29. Bd1 Qg3 30. Nd5+ Bxd5 31. Qxg3 hxg3 32. exd5
exd5 33. Nf5+ Ke6 34. Nxg3 Nxa4 35. b3 Nc3 36. Bg4+ Kf7 37. Bh5+ Ke7 38.
Nf5+ Kd7 39. Bf3 b5 40. Re3 b4 41. h4 Rc8 42. g3 Rc5 43. Bg2 Nb5 44. Bh3
Kc7 45. Re2 Nc3 46. Rg2 Ne4 47. Nd4 Kb6 48. Kh2 Rc3 49. Rf4 a4 50. bxa4 Rc4
51. Nb3 Nxg3 52. Rxc4 Nf1+ 53. Kg1 dxc4 54. Kxf1 cxb3 55. cxb3 Rxh4 56. Be6
Nc6 57. Rf2 Rh6 58. Rf4 Kc7 59. Bd5 Ne7 60. Bg2 d5 1/2-1/2

[Event "?"]
[Site "Europe (championnat feminin)"]
[Date "2003.??.??"]
[Round "?"]
[White "Makropoulou, Marina"]
[Black "Ciuksyte, Dagne"]
[Result "0-1"]
[WhiteElo "2230"]
[BlackElo "2375"]

1. e4 c5 2. Nf3 e6 3. d4 cxd4 4. Nxd4 a6 5. Bd3 Bc5 6. Nb3 Be7 7. O-O d6 8.
c4 Nf6 9. Nc3 Nbd7 10. Be3 b6 11. f4 Qc7 12. Rc1 Bb7 13. Qf3 g6 14. Nd4 Rc8
15. b4 O-O 16. a3 Qb8 17. Qh3 Qa8 18. f5 Ne5 19. fxg6 Nxd3 20. Rxf6 hxg6
21. Rxg6+ fxg6 22. Qxe6+ Kh8 23. Qxe7 Rce8 24. Qh4+ Kg8 25. Rd1 Bxe4 26.
Nxe4 Rxe4 27. Qg3 Ne5 28. h3 Kh7 29. Ne6 Nf3+ 30. gxf3 Rxe6 31. Qh4+ Kg8
32. Bd4 Qxf3 33. Re1 Rxe1+ 34. Qxe1 Qxh3 35. Bxb6 Qg4+ 36. Kh2 Qxc4 37. Qe3
Qh4+ 0-1

[Event "?"]
[Site "Rilton Cup Stockholm SWE"]
[Date "1991.??.??"]
[Round "?"]
[White "Hartman, Christer"]
[Black "Engstrom, Kaj"]
[Result "1-0"]
[WhiteElo "2345"]
[BlackElo "2260"]

1. e4 c5 2. Nf3 e6 3. d4 cxd4 4. Nxd4 a6 5. Nc3 Bc5 6. Be3 d6 7. Qd2 Nf6 8.
Nb3 Bxe3 9. Qxe3 O-O 10. O-O-O Qc7 11. f3 b5 12. g4 b4 13. g5 Nfd7 14. Ne2
a5 15. Nbd4 Ba6 16. Bh3 Rc8 17. Rd2 Qc5 18. Qg1 Bc4 19. b3 a4 20. bxc4 b3
21. cxb3 axb3 22. Nxb3 Qxc4+ 23. Kb1 Nc6 24. Qe3 Rcb8 25. Rc1 Qa4 26. Rb2
Nc5 27. Rc3 Ne5 28. Qd4 Qa6 29. Rxc5 Nxf3 30. Qe3 dxc5 31. Qxf3 c4 32. Nbc1
Rxb2+ 33. Kxb2 Rb8+ 34. Kc2 Rd8 35. Nc3 Qd6 36. Qe2 Qb4 37. Bf1 Rb8 38.
Qxc4 Qb2+ 39. Kd1 Qxh2 40. Qe2 Qg3 41. Qd2 Qg1 42. Qf4 Rb2 43. N1e2 Qb6 44.
e5 Qc7 45. Qd4 Rb8 46. Ke1 Rd8 47. Qe3 Ra8 48. Nd4 Qc5 49. Kf2 Rd8 50. Ndb5
Qb4 51. Kg3 Qb2 52. Nd6 Qa1 53. Bb5 Rf8 54. a4 Qa3 55. Be8 f5 56. gxf6 gxf6
57. Kh3 Qa1 58. Bd7 Qh1+ 59. Kg3 Qh5 60. Bxe6+ Kh8 61. Nf7+ Kg7 62. exf6+
Kxf6 63. Nd5+ Kg7 64. Qd4+ 1-0

[Event "?"]
[Site "14th Donau Open, Aschach AUT"]
[Date "2005.??.??"]
[Round "6"]
[White "Rogulj, Branko"]
[Black "Zwettler, M"]
[Result "1/2-1/2"]
[WhiteElo "2390"]
[BlackElo "2215"]

1. e4 e6 2. d4 c5 3. Nf3 cxd4 4. Nxd4 a6 5. Bd3 Bc5 6. Nb3 Be7 7. O-O d6 8.
c4 Qc7 9. Nc3 b6 10. Be3 Bb7 11. Qd2 Nf6 12. f3 Nbd7 13. Rac1 O-O 14. Rfd1
Rac8 15. Bf1 Qb8 16. Qf2 Bd8 17. Nd4 Re8 18. b3 Bc7 19. Qh4 Ne5 20. Qh3
Ned7 21. Bg5 Bd8 22. Bh4 Nf8 23. Bg3 Rc5 24. e5 dxe5 25. b4 Rc8 26. Nb3 Be7
27. a3 Red8 28. Bf2 Rxd1 29. Rxd1 Rd8 30. Re1 N8d7 31. Bd3 Nc5 32. Bxh7+
Nxh7 33. bxc5 Rd3 34. Rc1 bxc5 35. Nxc5 Bxc5 36. Bxc5 Qc7 37. Bf2 e4 38.
Qg3 e5 39. Nd1 Rxa3 40. Bd4 f6 41. Bb2 Rb3 42. c5 exf3 43. Qg4 Bd5 44. gxf3
Ng5 45. Qa4 Nxf3+ 46. Kf2 Kf7 47. Qxa6 Nxh2 48. Rc2 Ng4+ 49. Ke1 e4 50. Qd6
Qxd6 51. cxd6 Ke6 52. Rd2 Rd3 53. Rxd3 exd3 54. Kd2 Bc4 55. Ba3 Ne5 56. Bb4
Nf7 57. Ne3 Bb5 58. d7 Kxd7 59. Bf8 g5 60. Nd5 Ne5 61. Nxf6+ Ke6 62. Ne4
Kf7 63. Bc5 Kg6 64. Ke3 Ng4+ 65. Kd2 Nf6 66. Nf2 Kf5 67. Be7 Nd5 68. Bxg5
Kxg5 69. Nxd3 1/2-1/2

[Event "?"]
[Site "IM-A Balatonbereny HUN"]
[Date "1997.??.??"]
[Round "?"]
[White "Holzmann, Herbert"]
[Black "Orso, Miklos"]
[Result "1/2-1/2"]
[WhiteElo "2215"]
[BlackElo "2390"]

1. e4 c5 2. Nf3 e6 3. d4 cxd4 4. Nxd4 a6 5. Bd3 Bc5 6. Nb3 Be7 7. c4 d6 8.
Be3 Nd7 9. Nc3 b6 10. Rc1 Bb7 11. Bb1 Rc8 12. Nd2 Ngf6 13. O-O Qc7 14. f4
h5 15. Kh1 Qb8 16. Qe2 Ng4 17. Bg1 Ndf6 18. Rce1 Nd7 19. h3 Bh4 20. Rd1 Bf6
21. Nf3 Qc7 22. Qd3 Nc5 23. Qxd6 Qxd6 24. Rxd6 Bxc3 25. bxc3 Nxe4 26. Bxe4
Bxe4 27. Rxb6 Nf6 28. Re1 Bxf3 29. gxf3 O-O 30. Bd4 Rxc4 31. Rxa6 Nd5 32.
f5 exf5 33. Ra5 Nxc3 34. Bxc3 Rxc3 35. Rxf5 g6 36. Rg1 Rc2 37. Rxh5 Rd8 38.
Rhg5 Rxa2 39. h4 Kg7 40. R1g2 Rdd2 41. Kh2 Kh6 42. Rxd2 Rxd2+ 43. Rg2 Rd3
44. Kg3 Kh5 45. Ra2 1/2-1/2

[Event "?"]
[Site "FIN Team Ch"]
[Date "2001.??.??"]
[Round "?"]
[White "Raaste, Eero J"]
[Black "Nyysti, Sampsa"]
[Result "1-0"]
[WhiteElo "2325"]
[BlackElo "2280"]

1. e4 c5 2. Nf3 e6 3. d4 cxd4 4. Nxd4 a6 5. Bd3 Bc5 6. Nb3 Be7 7. O-O d6 8.
f4 Nd7 9. a4 b6 10. Nc3 Ngf6 11. Qe1 Qc7 12. Bd2 Bb7 13. Qg3 h5 14. Rae1 h4
15. Qf3 g5 16. fxg5 Ne5 17. Qe2 Nfd7 18. h3 Qd8 19. Be3 Bxg5 20. Bd4 Rg8
21. Kh1 Rg6 22. Bg1 Bf6 23. Nd2 Ke7 24. Nf3 Qh8 25. Bh2 Rag8 26. Rf2 Nxf3
27. Qxf3 Qg7 28. Ref1 Rf8 29. Ne2 Be5 30. Nf4 Rf6 31. Qe2 Bxf4 32. Bxf4 e5
33. Be3 Rxf2 34. Qxf2 Qh7 35. Bg5+ f6 36. Qxh4 Qxh4 37. Bxh4 Nc5 38. Re1
Nxa4 39. b3 Nc5 40. Kh2 b5 41. g4 Ne6 42. Bf2 Bc6 43. b4 Nf4 44. Be3 Ke6
45. Kg3 Rh8 46. h4 d5 47. Bxf4 exf4+ 48. Kxf4 Rxh4 49. e5 d4 50. Bf5+ Kf7
51. exf6 Bd5 52. Kg5 Rh8 53. Bg6+ 1-0

[Event "?"]
[Site "II Young Stars of the World, K"]
[Date "2004.??.??"]
[Round "8"]
[White "Potapov, Pavel"]
[Black "Matlakov, Maxim"]
[Result "1/2-1/2"]
[WhiteElo "2240"]
[BlackElo "2360"]

1. e4 c5 2. Nf3 e6 3. d4 cxd4 4. Nxd4 Qb6 5. Nc3 Bc5 6. Na4 Qa5+ 7. c3 Bxd4
8. Qxd4 Nf6 9. Nc5 Nc6 10. Qe3 O-O 11. Be2 b6 12. Nb3 Qe5 13. Bd3 d5 14. f4
Qc7 15. e5 Ne4 16. Bxe4 dxe4 17. Qxe4 Ba6 18. Be3 Rad8 19. Nd4 Na5 20. Kf2
Bb7 21. Qc2 Nc4 22. Qe2 b5 23. b3 Nb6 24. Rac1 a6 25. c4 bxc4 26. bxc4 Na4
27. Rhd1 Nc5 28. Kg1 Be4 29. Bf2 Ba8 30. Nf3 Ne4 31. Bd4 Rb8 32. Nd2 Nxd2
33. Rxd2 h6 34. h3 Rfd8 35. Be3 Qc6 36. c5 Rxd2 37. Qxd2 Qe4 38. Re1 Bc6
39. Bd4 Qd5 40. Qf2 Rb4 41. Be3 g6 42. Kh2 Rc4 43. Re2 Rc3 1/2-1/2

[Event "?"]
[Site "Open Winterthur SUI ;The Week"]
[Date "2004.??.??"]
[Round "4"]
[White "Mikavica, D"]
[Black "Kveinys, Aloyzas"]
[Result "0-1"]
[WhiteElo "2065"]
[BlackElo "2530"]

1. e4 c5 2. Nf3 e6 3. d4 cxd4 4. Nxd4 a6 5. Bd3 Bc5 6. Nb3 Be7 7. O-O d6 8.
c4 Nf6 9. Nc3 Nbd7 10. Qe2 Ne5 11. Rd1 Qc7 12. Bg5 O-O 13. Rac1 b6 14. f3
Bb7 15. Nd4 Nxe4 16. Nd5 exd5 17. Bxe7 Qxe7 18. fxe4 Nxd3 19. Nf5 Qe5 20.
Rxd3 dxe4 21. Nxd6 Qc5+ 0-1

[Event "?"]
[Site "HUN Ch Open Pecs"]
[Date "1998.??.??"]
[Round "?"]
[White "Horvath, Adam"]
[Black "Porubszky Angyalosine, Maria A"]
[Result "1-0"]
[WhiteElo "2425"]
[BlackElo "2170"]

1. e4 c5 2. Nf3 e6 3. d4 cxd4 4. Nxd4 a6 5. Bd3 Bc5 6. Nb3 Be7 7. Nc3 Nc6
8. Be3 Nf6 9. f4 d6 10. Qf3 Qc7 11. O-O O-O 12. Rae1 Re8 13. Kh1 g6 14. a3
Bd7 15. Nd4 Nxd4 16. Bxd4 Bc6 17. Qh3 e5 18. Be3 exf4 19. Bxf4 Bd7 20. Qf3
Bg4 21. Qg3 Be6 22. Be3 Nd7 23. Bd4 Ne5 24. Re2 Rac8 25. Ref2 Bf8 26. h3
Bg7 27. Qe3 Nc4 28. Bxc4 Qxc4 29. Bxg7 Kxg7 30. Rd1 Rc6 31. Qf4 Qc5 32.
Qf6+ Kg8 33. Nd5 Qa7 34. Rdf1 b5 35. Qf4 Rd8 36. Qg5 1-0

[Event "?"]
[Site "ch-RUS u18 Nojabrsk RUS ;The W"]
[Date "2005.??.??"]
[Round "3"]
[White "Matveev, M2 RUS"]
[Black "Verzhansky, Alexander"]
[Result "0-1"]
[WhiteElo "2235"]
[BlackElo "2360"]

1. e4 c5 2. Nf3 e6 3. d4 cxd4 4. Nxd4 a6 5. Bd3 Bc5 6. Nb3 Be7 7. Qg4 g6 8.
Qe2 d6 9. O-O Nd7 10. c4 Qc7 11. f4 Ngf6 12. Nc3 b6 13. Be3 Bb7 14. Nd2 O-O
15. Rac1 Rac8 16. h3 Rfe8 17. Qf2 Nc5 18. Bb1 Qb8 19. b4 Ncd7 20. a3 Ba8
21. Bd4 Rf8 22. Be3 Rfe8 23. Bd3 Bf8 24. Nf3 Bg7 25. Bd4 b5 26. cxb5 axb5
27. Nd2 Bc6 28. Nb3 Qa8 29. Na5 Nxe4 30. Nxe4 Bxe4 31. Bxb5 Bxd4 32. Qxd4
Bxg2 33. Bxd7 Bxf1 34. Nc6 Qxa3 35. Rc3 Qa1 36. Bxc8 Bb5+ 37. Kh2 Bxc6 38.
b5 Bxb5 39. Qb4 0-1

[Event "?"]
[Site "MI Festival Bucharest ROM"]
[Date "1999.??.??"]
[Round "?"]
[White "Grigore, Nicolae Petre"]
[Black "Florescu, Codrut"]
[Result "0-1"]
[WhiteElo "2285"]
[BlackElo "2310"]

1. e4 c5 2. Nf3 e6 3. d4 cxd4 4. Nxd4 Qb6 5. Nc3 Bc5 6. Be3 Nc6 7. Ndb5
Bxe3 8. fxe3 Nf6 9. Nd6+ Ke7 10. Qd2 Qxb2 11. Rb1 Qa3 12. Nc4 Qa6 13. Nb6
Qxb6 14. Rxb6 axb6 15. Be2 Ra5 16. O-O Rd8 17. Bf3 d6 18. Rb1 Nd7 19. Qe1
Rc5 20. Nb5 Nf6 21. Nd4 e5 22. Ne2 Rxc2 23. Nc3 Be6 24. Bd1 Rxa2 25. Nxa2
Bxa2 26. Rxb6 Rd7 27. Bc2 Rc7 28. Qa1 Be6 29. Qb1 Nd8 30. Ba4 Nd7 31. Rb2
Nc5 32. Bc2 h6 33. h3 Nc6 34. Qe1 Bc4 35. Qh4+ Ke8 36. Qg4 Kf8 37. Qf5 b5
38. Qh7 Ne7 39. Rb1 Ra7 40. Rd1 Ra6 41. Qh8+ Ng8 42. Qh7 g6 43. Rd2 Nd7 44.
Bd3 Ndf6 45. Qh8 Bxd3 46. Rxd3 b4 47. Kf2 0-1